| 000 | 00509nam a22001577a 4500 | ||
|---|---|---|---|
| 008 | 230607b |||||||| |||| 00| 0 eng d | ||
| 040 |
_aNational Science Library _cNational Science Library |
||
| 080 |
_aR 016:69[543.226] _bJ9 |
||
| 100 |
_aRamachandran, V S _97131 |
||
| 245 | _aDifferential thermal analysis as applied to building science | ||
| 260 |
_aRoorkee: _bCentral Building Research Institute, _c1959 |
||
| 300 | _avii, 182p. | ||
| 650 | _aBibliography | ||
| 653 | _aAnalysis | ||
| 942 |
_2udc _cREF |
||
| 999 |
_c40576 _d40576 |
||